[Event "Hector S Nazzari Memorial 2019"]
[Site "Montevideo"]
[Date "2019.10.18"]
[Round "5.12"]
[White "Lopez Falcon, Jorge"]
[Black "Soto, Nicolas"]
[Result "1-0"]
[WhiteElo "2166"]
[BlackElo "2013"]
[Annotator "TA"]
[PlyCount "95"]
[EventDate "2019.10.14"]
[EventType "swiss"]
[EventCountry "URU"]
[SourceTitle "playchess.com"]
[Source "ChessBase"]
[SourceQuality "1"]

{[%evp 16,95,3,12,16,24,31,15,13,16,13,13,21,8,25,9,29,38,95,75,81,0,21,18,31,-7,31,0,0,-5,45,12,29,0,0,-201,-225,-252,38,35,37,13,520,460,444,337,1151,1119,1075,761,758,759,741,692,681,675,827,810,974,945,961,918,1907,1242,1247,1245,1432,1392,29995,29996,29996,29997,29997,29998,29998,4821,4821,3534,2534,2379,29979,29980]} 1. c4 e5 2. g3 Nf6 3. Bg2 Nc6 4. Nc3 Bb4 5. Nd5 Bc5 6. d3 h6 7. Nf3 O-O 8. O-O d6 9. e3 a6 {A29: English Opening: Four Knights Variation with 4 g3} 10. Bd2 (10. a3 Ba7 11. b4 Nxd5 12. cxd5 Ne7 13. Nd2 c6 14. dxc6 Nxc6 15. Rb1 Be6 16. b5 axb5 17. Rxb5 Na5 18. Ne4 d5 19. Nc5 Bxc5 20. Rxc5 {0-1 (43) Inarkiev,E (2691)-Leko,P (2730) Loo 2014}) 10... Be6 11. Ne1 $146 ({Predecessor:} 11. b4 Ba7 12. Qb3 Nb8 13. Rac1 Nbd7 14. Qc2 Nxd5 15. cxd5 Bxd5 16. Qxc7 Nf6 17. Nh4 Qxc7 18. Rxc7 {1-0 (48) Odendahl,M (1395)-Cook,P (1366) IECC email 2007}) 11... Bxd5 {The position is equal.} 12. cxd5 Ne7 13. b4 Bb6 14. Qb3 Qd7 15. a4 Ne8 16. Nc2 f5 ({Black should try} 16... Nf6 $14) 17. d4 {Threatens to win with dxe5.} e4 18. f3 (18. Rfb1 $16) 18... exf3 19. Bxf3 Nf6 20. Ne1 Rae8 21. a5 Ba7 22. Nd3 Ng6 23. Rac1 Ne4 24. Be1 Ng5 25. Bh5 $2 (25. Bd2 $11) 25... Rxe3 $19 26. Bxg6 {[#] aiming for Qc4.} Bxd4 $2 (26... Qe7 $1 $19 27. Qd1 (27. Bxf5 Bxd4 28. Bc3 Rxf5 $19) 27... Bxd4) 27. Kh1 $1 $14 {Hoping for Qc4.} Qe7 {( -> ...Qe4+)} 28. Rf4 Qe4+ $2 {[%mdl 8192]} (28... Re4 $1 $11) 29. Rxe4 $18 fxe4 30. h4 Re2 $2 (30... exd3 31. Bxd3 (31. Bd2 Rxg3 32. hxg5 Rf2 $11) 31... Nf3) 31. Nf4 Rb2 32. Qxb2 Bxb2 33. Rxc7 Nf3 34. Bc3 Bxc3 35. Rxc3 Ne5 36. Bxe4 g5 37. hxg5 hxg5 38. Ne6 {[%mdl 64] [#] Double Attack} Rf2 39. Nxg5 Ng4 40. Rc7 Re2 41. Bf5 Ne3 42. Be6+ Kf8 43. Nh7+ Ke8 44. Nf6+ Kd8 45. Rd7+ (45. Rc8+ $142 Ke7 46. Ng8#) 45... Kc8 46. Re7+ Kb8 47. Nd7+ Ka7 48. Nb6 {Accuracy: White = 58%, Black = 20%.} 1-0

[Event "Hector S Nazzari Memorial 2019"]
[Site "Montevideo"]
[Date "2019.10.18"]
[Round "5.13"]
[White "Belistri, Ubaldo"]
[Black "Ramos Correa, Gabriel"]
[Result "1/2-1/2"]
[WhiteElo "1853"]
[BlackElo "1889"]
[Annotator "NA RC"]
[PlyCount "48"]
[EventDate "2019.10.14"]
[EventType "swiss"]
[EventCountry "URU"]
[SourceTitle "playchess.com"]
[Source "ChessBase"]
[SourceQuality "1"]
[TimeControl "5400+30"]

1. d4 {[%emt 0:00:00]} Nf6 {[%emt 0:00:00]} 2. c4 {[%emt 0:00:00]} e6 {[%emt 0:00:00]} 3. Nf3 {[%emt 0:00:39]} b6 {[%emt 0:00:00]} 4. Nc3 {[%emt 0:02:20]} Bb7 {[%emt 0:00:11]} 5. Qc2 {[%emt 0:01:27]} Bb4 {[%emt 0:00:47]} 6. a3 {[%emt 0:03:30]} Bxc3+ {[%emt 0:00:22]} 7. Qxc3 {[%emt 0:00:03]} Ne4 {[%emt 0:05:18]} 8. Qc2 {[%emt 0:00:16]} d6 {[%emt 0:02:06]} 9. g3 {[%emt 0:00:47]} Nd7 {[%emt 0:00:47]} 10. Bg2 {[%emt 0:02:14]} f5 {[%emt 0:01:45]} (10... Nef6 $11) 11. O-O {[%emt 0:04:55]} (11. Ng5 $5 {[%cal Rg5e6]} Qe7 12. Nxe4 fxe4 13. Bxe4 Bxe4 14. Qxe4 $16) 11... O-O {[%emt 0:00:22]} 12. Nd2 {[%emt 0:08:25] E32: Nimzo-Indian: Classical (4 Qc2): 4...0-0} (12. b4 Ndf6 13. Bb2 Qe7 14. Nd2 a5 15. Nxe4 Bxe4 16. Bxe4 Nxe4 17. Kg2 Qd7 18. f3 Nf6 19. Bc3 axb4 20. axb4 Rxa1 21. Rxa1 Rb8 22. Ra3 {½-½ (22) Seres,L (2457)-Varga,Z (2467) Budapest 2014}) 12... Nxd2 $146 {[%emt 0:00:51]} ({Predecessor:} 12... Ndf6 13. Nxe4 Bxe4 14. Bxe4 Nxe4 15. f3 Nf6 16. Bf4 Nh5 17. Bd2 Nf6 18. Bf4 Qd7 19. Rad1 Nh5 {0-1 (67) Soler Ferrer,F (1734)-Ribon Calabia,M (1836) Barcelona 2013}) 13. Bxd2 {[%emt 0:01:10]} Bxg2 {[%emt 0:00:25]} 14. Kxg2 {[%emt 0:00:02]} Nf6 {[%emt 0:10:18]} 15. Rad1 {[%emt 0:02:44]} Qe8 {[%emt 0:02:47]} 16. f3 {[%emt 0:14:12]} Rd8 {[%emt 0:23:46]} 17. Bg5 {[%emt 0:01:29]} Qh5 {[%emt 0:05:29]} 18. Bxf6 {[%emt 0:05:58]} Rxf6 {[%emt 0:04:18]} 19. e3 {[%emt 0:00:51]} ({Much worse is} 19. h4 f4 $17) 19... Rdf8 {[%emt 0:04:32]} 20. Rd2 {[%emt 0:05:41]} g5 $14 {[%emt 0:07:24]} 21. Rdf2 {[%emt 0:06:31]} Qe8 {[%emt 0:04:56]} 22. f4 {[%emt 0:03:50]} Qc6+ {[%emt 0:03:20]} 23. Kg1 {[%emt 0:00:04]} g4 {[%emt 0:00:46]} 24. Re1 {[%emt 0:01:24]} Qd7 {[%emt 0:03:20]} 1/2-1/2

[Event "Hector S Nazzari Memorial 2019"]
[Site "Montevideo"]
[Date "2019.10.19"]
[Round "6.1"]
[White "Roselli Mailhe, Bernardo"]
[Black "Diaz Hollemaert, Nahuel"]
[Result "1/2-1/2"]
[WhiteElo "2435"]
[BlackElo "2439"]
[Annotator "TA"]
[PlyCount "52"]
[EventDate "2019.10.14"]
[EventType "swiss"]
[EventCountry "URU"]
[SourceTitle "playchess.com"]
[Source "ChessBase"]
[SourceQuality "1"]

{[%evp 22,52,17,26,23,0,0,0,0,0,0,0,0,0,79,53,72,76,95,88,116,122,191,131,256,183,192,190,481,120,109,-133,-67]} 1. d4 Nf6 2. c4 e6 3. Nf3 d5 4. Nc3 c6 5. e3 Nbd7 6. Qc2 Bd6 7. Be2 dxc4 8. Bxc4 b5 9. Be2 Bb7 10. O-O O-O 11. Rd1 Qb8 12. e4 {Hoping for e5.} e5 {D46: Semi-Slav: 5 e3 Nbd7 6 Bd3, Black avoids the Meran} 13. Bg5 exd4 14. Rxd4 {aiming for Rad1.} c5 {The position is equal.} 15. Rd2 {Strongly threatening Rad1.} b4 16. Nb5 Bxe4 17. Qd1 $36 {[%mdl 2048] [#] White has good play.} Bxf3 $146 (17... Bf4 $1 $11 18. Rxd7 (18. Bxf4 Qxf4 19. g3 Qb8 $15) 18... Bxf3 19. Bxf6 Bc6) ({Predecessor:} 17... Bf4 18. Rxd7 Bxf3 19. Bxf6 Bc6 20. Be7 {0-1 (29) Oms Pallisse,J (2493)-Alsina Leal,D (2529) Barcelona 2011}) 18. Nxd6 $16 Bxe2 19. Qxe2 a6 20. h3 {[%mdl 1024] White has strong compensation.} Ra7 21. Re1 Qa8 (21... h6 $16) 22. Qc4 (22. Qe3 $18) 22... Qc6 (22... a5 $16) 23. Qf4 Nd5 24. Qg3 $1 {Bh6! is the strong threat.} N7b6 $2 {[#]} (24... f6) 25. Bh6 $2 (25. Rde2 $1 $18) 25... f5 {And now ...f4 would win.} 26. Bf4 $2 {[#]} (26. Re6 $16 {is necessary to keep the advantage. Threatens to win with Nf7!} f4 27. Qg5) 26... c4 {Accuracy: White = 41%, Black = 38%.} (26... Rd7 $1 $17 27. Be5 g6) 1/2-1/2

[Event "Hector S Nazzari Memorial 2019"]
[Site "Montevideo"]
[Date "2019.10.19"]
[Round "6.2"]
[White "Lopez Azambuja, Nicolas"]
[Black "Coppola, Claudio"]
[Result "1/2-1/2"]
[WhiteElo "2318"]
[BlackElo "2270"]
[Annotator "TA"]
[PlyCount "94"]
[EventDate "2019.10.14"]
[EventType "swiss"]
[EventCountry "URU"]
[SourceTitle "playchess.com"]
[Source "ChessBase"]
[SourceQuality "1"]

{[%evp 9,94,28,43,43,50,34,100,53,49,68,67,76,108,85,98,92,93,43,42,40,43,29,76,56,58,43,55,25,27,21,25,33,36,33,39,16,23,26,54,29,62,67,58,20,23,19,22,20,21,19,19,8,0,0,41,27,25,24,41,41,41,41,41,41,41,41,41,41,41,41,41,41,41,41,41,41,41,41,41,41,41,41,41,41,41,41,41]} 1. d4 b6 2. e4 Bb7 3. Bd3 g6 4. c4 (4. c3 Bg7 5. Bg5 d6 6. Nf3 Nd7 7. Nbd2 h6 8. Bh4 Ngf6 9. e5 dxe5 10. dxe5 Nc5 11. Bb5+ Nfd7 {0-1 (41) Durarbayli,V (2626)-Ipatov,A (2650) Saint Louis 2019}) 4... Bg7 5. Ne2 e6 6. Nbc3 {B00: Queen's Fianchetto Defence, Nimzowitsch Defence} Ne7 7. Be3 f5 $146 (7... d5 $14) ({Predecessor:} 7... d6 8. Qd2 h6 9. Bc2 Nd7 10. Rd1 a6 11. a4 c5 12. b3 {1-0 (31) Neuman,P (2413)-Pedersen,N (2466) Marianske Lazne 2007}) 8. d5 {White is better.} fxe4 9. Bxe4 {d6 is the strong threat.} Nf5 10. Bxf5 exf5 11. Bd4 O-O 12. Bxg7 Kxg7 13. O-O Na6 14. Re1 Qf6 15. Qd4 c5 16. Qxf6+ Kxf6 17. Rad1 Nc7 18. Nf4 Rae8 19. Kf1 Rxe1+ 20. Kxe1 g5 21. Nd3 Ne8 22. Kd2 Nd6 23. b3 Re8 24. Re1 Ba6 25. Rxe8 Nxe8 $14 {[%mdl 4096] Endgame KBN-KNN} 26. a4 d6 27. f4 h6 28. Ke3 Nc7 29. Nb2 Bc8 30. Nb5 Nxb5 31. axb5 $11 {KB-KN} Bd7 32. Nd3 Be8 33. g3 g4 34. b4 {White is slightly better.} Ke7 35. Kd2 Kd8 36. Kc3 Kc7 37. Kb3 Kb7 38. Ne1 a6 39. bxa6+ Kxa6 40. b5+ Kb7 41. Ng2 Bg6 42. Kc3 Kc7 43. Kd3 Kd7 44. Ke3 Ke7 45. Ne1 Kd7 46. Nd3 Bh7 47. Kd2 Kc7 {Accuracy: White = 50%, Black = 73%.} 1/2-1/2

[Event "Hector S Nazzari Memorial 2019"]
[Site "Montevideo"]
[Date "2019.10.19"]
[Round "6.3"]
[White "Carvalho, Guillermo"]
[Black "Vitoux, Colomban"]
[Result "0-1"]
[WhiteElo "2183"]
[BlackElo "2381"]
[Annotator "RC"]
[PlyCount "70"]
[EventDate "2019.10.14"]
[EventType "swiss"]
[EventCountry "URU"]
[SourceTitle "playchess.com"]
[Source "ChessBase"]
[SourceQuality "1"]
[TimeControl "5400+30"]

1. Nf3 {[%emt 0:11:02]} c5 {[%emt 0:00:07]} 2. e3 {[%emt 0:00:59]} Nf6 {[%emt 0:00:49]} 3. c4 {[%emt 0:00:28]} g6 {[%emt 0:00:40]} 4. d4 {[%emt 0:01:12]} Bg7 {[%emt 0:00:09]} 5. Be2 {[%emt 0:02:11]} O-O {[%emt 0:00:20]} 6. O-O {[%emt 0:00:05]} cxd4 {[%emt 0:00:45]} 7. exd4 {[%emt 0:00:27]} d5 {[%emt 0:00:22]} 8. Nc3 {[%emt 0:00:23]} dxc4 {[%emt 0:03:45]} 9. Bxc4 {[%emt 0:00:44]} b6 {[%emt 0:00:55]} 10. Re1 {[%emt 0:04:42]} Bb7 {[%emt 0:00:17]} 11. d5 {[%emt 0:04:13]} Nbd7 {[%emt 0:09:29]} 12. Qe2 {[%emt 0:05:12]} Nc5 {[%emt 0:10:32]} 13. Rd1 {[%emt 0:06:07]} Rc8 {[%emt 0:01:31]} 14. Bf4 {[%emt 0:06:28]} Ne8 {[%emt 0:30:51]} 15. Nb5 {[%emt 0:06:56]} Na4 {[%emt 0:06:04]} 16. Be5 {[%emt 0:24:12]} Nxb2 {[%emt 0:07:35]} 17. Bxb2 {[%emt 0:07:29]} Bxb2 {[%emt 0:00:37]} 18. Rab1 {[%emt 0:01:56]} Bf6 {[%emt 0:02:02]} 19. Nxa7 {[%emt 0:04:02]} Rc5 {[%emt 0:00:31]} 20. Nc6 {[%emt 0:02:07]} Qc7 {[%emt 0:00:41]} 21. Nce5 {[%emt 0:02:29]} Nd6 {[%emt 0:05:26]} 22. Bb3 {[%emt 0:02:47]} Nb5 {[%emt 0:00:19]} 23. Nd3 {[%emt 0:00:51]} Nc3 {[%emt 0:00:34]} 24. Qe1 {[%emt 0:00:22]} Nxd1 {[%emt 0:02:24]} 25. Rxd1 {[%emt 0:01:12]} Rc3 {[%emt 0:02:07]} 26. Nde5 {[%emt 0:02:11]} Kg7 {[%emt 0:00:43]} 27. Nc6 {[%emt 0:01:08]} Bxc6 {[%emt 0:00:36]} 28. dxc6 {[%emt 0:00:17]} Rxc6 {[%emt 0:01:51]} 29. g3 {[%emt 0:00:44]} Rd8 {[%emt 0:00:32]} 30. Rxd8 {[%emt 0:00:25]} Qxd8 {[%emt 0:00:05]} 31. Ne5 {[%emt 0:00:17]} Bxe5 {[%emt 0:02:23]} 32. Qxe5+ {[%emt 0:00:13]} f6 {[%emt 0:00:06]} 33. Qe4 {[%emt 0:00:38]} Qd6 {[%emt 0:01:14]} 34. Kg2 {[%emt 0:01:15]} Rc5 {[%emt 0:00:05]} 35. h4 {[%emt 0:00:18]} Qc6 0-1

[Event "Hector S Nazzari Memorial 2019"]
[Site "Montevideo"]
[Date "2019.10.19"]
[Round "6.4"]
[White "Hoffman, Alejandro"]
[Black "Tregarthen, Emiliano"]
[Result "1-0"]
[WhiteElo "2449"]
[BlackElo "2039"]
[Annotator "TA"]
[PlyCount "99"]
[EventDate "2019.10.14"]
[EventType "swiss"]
[EventCountry "URU"]
[SourceTitle "playchess.com"]
[Source "ChessBase"]
[SourceQuality "1"]

{[%evp 13,99,38,37,39,43,41,41,31,42,39,54,45,53,23,25,20,13,15,17,14,52,41,64,73,120,127,133,116,125,132,211,122,122,114,183,178,241,237,220,237,226,228,199,257,230,240,421,348,363,362,302,152,147,140,159,127,148,141,120,137,129,137,125,135,112,150,127,87,338,189,928,834,504,664,1351,1353,1175,960,899,708,5173,1627,5281,5210,5127,5114,2022,1913]} 1. d4 e6 2. c4 f5 3. g3 Nf6 4. Bg2 Bb4+ 5. Bd2 Bxd2+ 6. Qxd2 O-O 7. Nc3 d5 8. Nf3 {A90: Dutch Defence: Miscellaneous and Modern Stonewall (with ...Bd6)} c6 9. O-O Qe7 10. Rac1 $146 {White is slightly better.} ({Predecessor:} 10. Rfc1 Nbd7 11. Qf4 dxc4 12. e4 Nb6 13. Re1 Qb4 14. Qd2 Rd8 15. Qc2 Bd7 {1-0 (60) Jankovic,A (2550)-Satyapragyan,S (2393) Bad Gleichenberg 2014}) 10... Ne4 11. Nxe4 fxe4 12. Ne5 Nd7 13. Nxd7 Bxd7 14. f3 $36 {[%mdl 2048] White has good play.} exf3 15. exf3 dxc4 16. Rxc4 Rf5 17. f4 Rc8 18. Re1 b5 19. Rc2 Qd6 20. Be4 Rh5 21. Kg2 Be8 (21... Rb8 $16 22. Bf3 Rf5) 22. Bf3 ({White should try} 22. g4 $1 $18 {[%cal Rg4h5]} Rh6 23. g5) 22... Rf5 23. Qe3 Bf7 (23... Rf6 $16 24. b3 Rd8) 24. Rec1 $18 {[%cal Rc2c6]} g5 (24... Be8 $142 25. b3 Rf8) 25. Rxc6 Rxc6 26. Rxc6 ({Less strong is} 26. Bxc6 gxf4 27. Qd3 Bg6 $14) 26... gxf4 27. Qc3 $1 (27. Rxd6 fxe3 28. g4 Rf6 $16) 27... b4 28. Qc4 $1 ({Don't take} 28. Rxd6 $6 bxc3 29. bxc3 Ra5 $16) 28... Qe7 29. g4 Rg5 $2 (29... Ra5 {is a better defense.} 30. Rc8+ Kg7) 30. Rc8+ Kg7 31. Rc7 Qf6 {[#]} 32. Qxb4 (32. h4 $1 $18 {[%cal Rh4g5]} Rg6 33. h5) 32... h5 $16 33. h3 hxg4 34. hxg4 Qg6 35. Qc3 Rxg4+ 36. Bxg4 Qxg4+ {[%mdl 4096] Endgame KQR-KQB} 37. Kf1 {aiming for d5+.} f3 38. d5+ $1 Kg6 {( -> ...Qg2+)} 39. Qc2+ Kf6 40. Qh2 ({Much worse is} 40. Rxa7 $6 Qh3+ 41. Kg1 Qg3+ 42. Kf1 Qh3+ 43. Kg1 Qg3+ 44. Kf1 Qh3+ $11) 40... Bg6 $2 {[%mdl 8192]} (40... Qe4 $16) 41. Qh8+ (41. dxe6 $142 {Black must now prevent Qh8+.} Qe4 42. Qd2) 41... Kg5 $2 (41... Kf5 42. Rc2 Qe4 {[%mdl 64] Double Attack}) 42. Qe5+ $18 {[%mdl 64] Double Attack. White is clearly winning.} Kh6 43. Qh2+ Kg5 {intending ...Bd3+.} 44. Qg1 Bd3+ {[#]} 45. Kf2 $1 Qxg1+ 46. Kxg1 e5 47. Kf2 (47. d6 $142 Kf6 {[#]} 48. Rg7 $1 {[%mdl 576] Promotion}) 47... e4 48. d6 Kf6 49. Re7 a6 50. Re8 {Accuracy: White = 58%, Black = 46%.} 1-0

[Event "Hector S Nazzari Memorial 2019"]
[Site "Montevideo"]
[Date "2019.10.19"]
[Round "6.5"]
[White "Dominguez, Facundo"]
[Black "Carbone, Diego"]
[Result "1/2-1/2"]
[WhiteElo "2130"]
[BlackElo "2233"]
[Annotator "RC"]
[PlyCount "42"]
[EventDate "2019.10.14"]
[EventType "swiss"]
[EventCountry "URU"]
[SourceTitle "playchess.com"]
[Source "ChessBase"]
[SourceQuality "1"]
[TimeControl "5400+30"]

1. e4 {[%emt 0:09:27]} c5 {[%emt 0:00:00]} 2. Nf3 {[%emt 0:01:09]} Nc6 {[%emt 0:01:09]} 3. b3 {[%emt 0:03:44]} e5 {[%emt 0:02:37]} 4. Bb2 {[%emt 0:00:47]} d6 {[%emt 0:01:13]} 5. Bb5 {[%emt 0:00:33]} Nge7 {[%emt 0:02:20]} 6. O-O {[%emt 0:02:14]} g6 {[%emt 0:01:42]} 7. c3 {[%emt 0:01:24]} Bg7 {[%emt 0:00:50]} 8. d4 {[%emt 0:01:17]} exd4 {[%emt 0:00:38]} 9. cxd4 {[%emt 0:00:07]} O-O {[%emt 0:00:18]} 10. Qd3 {[%emt 0:13:31]} a6 {[%emt 0:08:38]} 11. Bxc6 {[%emt 0:01:36]} Nxc6 {[%emt 0:00:07]} 12. Bc3 {[%emt 0:01:00]} Bg4 {[%emt 0:31:28]} 13. Nbd2 {[%emt 0:04:17]} cxd4 {[%emt 0:15:29]} 14. Nxd4 {[%emt 0:00:33]} Nxd4 {[%emt 0:08:07]} 15. Bxd4 {[%emt 0:00:11]} Be2 {[%emt 0:00:05]} 16. Qxe2 {[%emt 0:00:06]} Bxd4 {[%emt 0:00:03]} 17. Rad1 {[%emt 0:02:53]} b5 {[%emt 0:01:22]} 18. Nf3 {[%emt 0:06:12]} Bc5 {[%emt 0:00:48]} 19. Rd5 {[%emt 0:02:14]} Qb6 {[%emt 0:01:56]} 20. Qb2 {[%emt 0:02:45]} Qa5 {[%emt 0:01:54]} 21. Qb1 {[%emt 0:09:12]} Qb4 {[%emt 0:03:56]} 1/2-1/2

[Event "Hector S Nazzari Memorial 2019"]
[Site "Montevideo"]
[Date "2019.10.19"]
[Round "6.6"]
[White "Vazquez, Facundo"]
[Black "Curi, Gabriel"]
[Result "1/2-1/2"]
[WhiteElo "2103"]
[BlackElo "2194"]
[Annotator "TA"]
[PlyCount "75"]
[EventDate "2019.10.14"]
[EventType "swiss"]
[EventCountry "URU"]
[SourceTitle "playchess.com"]
[Source "ChessBase"]
[SourceQuality "1"]

{[%evp 16,75,2,2,1,0,0,-1,-6,-4,13,14,13,-13,-5,-29,0,0,0,0,10,8,0,14,0,0,0,-5,18,29,41,24,12,0,0,-25,-50,-57,0,-47,0,0,0,0,0,0,0,0,0,0,0,-16,-20,-20,-29,-9,0,0,0,0,0,0]} 1. d4 Nc6 2. Nf3 d6 3. c4 g6 4. g3 Bg7 5. Bg2 f5 6. Nc3 Nf6 7. d5 Ne5 8. Nd2 O-O 9. O-O e6 {A89: Dutch Defence: Leningrad System: 5 Nf3 0-0 6 0-0 d6 7 Nc3 Nc6} (9... g5 10. f4 gxf4 11. gxf4 Ng6 12. Nf3 Kh8 13. Bd2 e5 14. dxe6 Bxe6 15. Nd4 Bd7 16. Qc2 Nh4 17. Bxb7 Ng4 {0-1 (52) Ikeda,J (2402)-Rapport,R (2701) Helsingor 2014}) 10. Qc2 c6 11. b3 $146 ({Predecessor:} 11. b4 Qc7 12. Qb3 Nf7 13. Ba3 e5 14. c5 Kh8 15. Nc4 e4 16. dxc6 bxc6 17. Nxd6 {1-0 (44) Garcia,J (2396)-Ganbold,C (2171) Tagaytay City 2013}) 11... exd5 12. cxd5 c5 13. Bb2 Rb8 14. Rae1 b5 15. Nd1 Bb7 16. f4 Ned7 17. e4 fxe4 18. Nxe4 Nxe4 19. Bxg7 Kxg7 20. Qxe4 Nf6 21. Qd3 c4 22. Qd2 Qb6+ 23. Kh1 Rbe8 24. f5 Re5 25. Rxe5 (25. bxc4 {is more complex.} bxc4 26. fxg6 hxg6 27. Nc3 Bc8 28. Na4) 25... dxe5 26. fxg6 {[#] aiming for Qg5.} hxg6 ({Better is} 26... Ne4 $1 $15 27. Qe2 Rxf1+ 28. Qxf1 Bxd5 29. bxc4 bxc4 30. gxh7 Qd4) 27. Qg5 {Threatens to win with Ne3.} (27. bxc4 {keeps more tension.} bxc4 28. Nc3 Ne4 29. Nxe4 Rxf1+ 30. Bxf1 Qb1 31. h4) 27... Bxd5 (27... Qd6 $5 {[%cal Rf6e4]} 28. bxc4 (28. Ne3 $2 Nh7 $19) 28... bxc4 $15) 28. Bxd5 Nxd5 29. Qxe5+ Nf6 30. bxc4 bxc4 31. Qc3 Qc6+ 32. Kg1 Rd8 33. Ne3 Qb6 34. Rf3 Rd4 35. Qa3 $132 {[%mdl 2048] [#] Strongly threatening Qe7+. White puts up resistance} Rd1+ {The position is equal.} 36. Rf1 Rxf1+ 37. Kxf1 Qb7 38. Ke2 {Accuracy: White = 51%, Black = 66%.} 1/2-1/2

[Event "Hector S Nazzari Memorial 2019"]
[Site "Montevideo"]
[Date "2019.10.19"]
[Round "6.7"]
[White "Palacio, Enzo"]
[Black "El Ters, Antouan"]
[Result "0-1"]
[WhiteElo "1780"]
[BlackElo "2200"]
[Annotator "ChessBase"]
[PlyCount "122"]
[EventDate "2019.10.14"]
[EventType "swiss"]
[EventCountry "URU"]
[SourceTitle "playchess.com"]
[Source "ChessBase"]
[SourceQuality "1"]
[TimeControl "5400+30"]

1. e4 {[%emt 0:00:00]} c5 {[%emt 0:00:42]} 2. Nf3 {[%emt 0:00:00]} Nc6 {[%emt 0:00:34]} 3. d4 {[%emt 0:00:00]} cxd4 {[%emt 0:00:25]} 4. Nxd4 {[%emt 0:00:00]} e5 {[%emt 0:00:17]} 5. Nb5 {[%emt 0:00:21]} a6 {[%emt 0:02:17]} 6. Nd6+ {[%emt 0:00:04]} Bxd6 {[%emt 0:00:10]} 7. Qxd6 {[%emt 0:00:03]} Qf6 {[%emt 0:00:09]} 8. Qd1 {[%emt 0:00:07]} Qg6 {[%emt 0:00:53]} 9. Nc3 {[%emt 0:00:04]} Nge7 {[%emt 0:00:50]} 10. Be3 {[%emt 0:00:28]} d6 {[%emt 0:09:06]} 11. Qd2 {[%emt 0:03:44]} f5 {[%emt 0:01:24]} 12. O-O-O {[%emt 0:06:03]} Be6 {[%emt 0:08:36]} 13. f3 {[%emt 0:09:13]} Rd8 {[%emt 0:02:52]} 14. Bb6 {[%emt 0:08:58]} Rd7 {[%emt 0:00:42]} 15. Nd5 {[%emt 0:04:42]} O-O {[%emt 0:03:48]} 16. h4 {[%emt 0:08:55]} h5 {[%emt 0:04:16]} 17. Bd3 {[%emt 0:07:47]} Nxd5 {[%emt 0:08:06]} 18. exd5 {[%emt 0:00:08]} Bxd5 {[%emt 0:00:20]} 19. Bxf5 {[%emt 0:01:01]} Qxf5 {[%emt 0:00:08]} 20. Qxd5+ {[%emt 0:00:05]} Kh8 {[%emt 0:00:19]} 21. a3 {[%emt 0:06:39]} Rc8 {[%emt 0:01:25]} 22. Qe4 {[%emt 0:01:03]} Qf7 {[%emt 0:02:22]} 23. Qd5 {[%emt 0:01:03]} Qxd5 {[%emt 0:06:36]} 24. Rxd5 {[%emt 0:00:03]} Ne7 {[%emt 0:00:32]} 25. Rd2 {[%emt 0:00:17]} Rc6 {[%emt 0:00:24]} 26. Bf2 {[%emt 0:00:42]} Rdc7 {[%emt 0:01:24]} 27. Kb1 {[%emt 0:00:32]} Kg8 {[%emt 0:02:54]} 28. Rhd1 {[%emt 0:00:39]} Kf7 {[%emt 0:01:02]} 29. Rxd6 {[%emt 0:01:04]} Rxc2 {[%emt 0:00:12]} 30. R1d2 {[%emt 0:00:19]} Rc1+ {[%emt 0:02:10]} 31. Ka2 {[%emt 0:00:07]} R1c2 {[%emt 0:19:25]} 32. Kb3 {[%emt 0:01:11]} Rxd2 {[%emt 0:00:37]} 33. Rxd2 {[%emt 0:00:01]} Ke6 {[%emt 0:00:21]} 34. Re2 {[%emt 0:04:21]} Ng6 {[%emt 0:00:20]} 35. g3 {[%emt 0:02:32]} Kf5 {[%emt 0:00:52]} 36. Re4 {[%emt 0:02:12]} Rc1 {[%emt 0:01:21]} 37. Rb4 {[%emt 0:05:30]} Rf1 {[%emt 0:03:10]} 38. g4+ {[%emt 0:00:13]} Kf6 {[%emt 0:01:46]} 39. Rb6+ {[%emt 0:00:15]} Kf7 {[%emt 0:00:13]} 40. Rxb7+ {[%emt 0:00:05]} Kg8 {[%emt 0:00:13]} 41. gxh5 {[%emt 0:01:07]} Nf4 {[%emt 0:00:09]} 42. Bc5 {[%emt 0:00:57]} Rxf3+ {[%emt 0:01:29]} 43. Kc2 {[%emt 0:00:09]} Ne6 {[%emt 0:01:16]} 44. Bd6 {[%emt 0:04:01]} Nd4+ {[%emt 0:02:05]} 45. Kd2 {[%emt 0:00:28]} e4 {[%emt 0:00:31]} 46. Re7 {[%emt 0:04:02]} Rd3+ {[%emt 0:00:15]} 47. Ke1 {[%emt 0:00:50]} Nf3+ {[%emt 0:00:41]} 48. Kf2 {[%emt 0:00:29]} Rxd6 {[%emt 0:00:34]} 49. Rxe4 {[%emt 0:00:03]} Nd4 {[%emt 0:00:30]} 50. b4 {[%emt 0:01:04]} Rf6+ {[%emt 0:01:57]} 51. Kg3 {[%emt 0:00:09]} Nb5 {[%emt 0:00:31]} 52. Re3 {[%emt 0:00:30]} Nd6 {[%emt 0:01:25]} 53. Kg4 {[%emt 0:00:24]} Nc4 {[%emt 0:01:36]} 54. Rc3 {[%emt 0:00:16]} Nb6 {[%emt 0:01:50]} 55. Rc5 {[%emt 0:00:19]} Kh7 {[%emt 0:00:28]} 56. Ra5 {[%emt 0:00:09]} Nc4 {[%emt 0:00:18]} 57. Ra4 {[%emt 0:00:09]} Kh6 {[%emt 0:00:30]} 58. b5 {[%emt 0:00:35]} axb5 {[%emt 0:00:36]} 59. Rb4 {[%emt 0:00:31]} Nxa3 {[%emt 0:00:13]} 60. Rb3 {[%emt 0:00:16]} Ra6 {[%emt 0:00:06]} 61. Rb4 {[%emt 0:00:31]} Ra4 {[%emt 0:00:17]} 0-1